| 000 | 00517nam a2200193 i 4500 | ||
|---|---|---|---|
| 001 | 41555 | ||
| 003 | ES-MaACL | ||
| 005 | 20230906160442.0 | ||
| 007 | t| | ||
| 008 | 030311s1951 sp ||||1| val d | ||
| 100 | 1 |
_aCasp y Verger, Vicente. _936332 |
|
| 245 | 1 | 2 |
_aA temps de cor / _cVicent Casp i Verger. |
| 260 |
_aValencia : _bTorre, _c1951 ( _fAñón) |
||
| 300 |
_a54 p. ; _c18 cm. |
||
| 490 | 1 | _aL'espiga | |
| 830 | 0 |
_aL'espiga _9181905 |
|
| 852 |
_aES-MaACL _j1940-F-16 _bR.32066 |
||
| 999 |
_c41555 _d41555 |
||